01455 a2200229 4500001000200000005001700002008004100019003001500060040004000075080007300115245008200188020001800270250001200288264003400300300002300334505063200357041000800989100002600997700003301023700004301056856012601099520260407155401.0260407a2007 arg spa dAR-UNSa-BCEJYS aAR-UNSa-BCEJYSbspacAR-UNSa-BCEJYS a658.3xPersonal. Relaciones humanas en la empresa (Recursos Humanos)10aAdministración de recursos humanospel capital humano de las organizaciones a970-10-6104-6 a8a. ed. 1aMéxico :bMcGraw-Hillc2007 axiv, 500 p.c29 cm a1. Las organizaciones - 2. Las personas - 3. Las personas y las organizaciones - 4. La administración de recursos humanos - 5. Reclutamiento de personas - 6. Selección de personal - 7. Diseño de puestos - 8. Descripción y análisis de puestos - 9. Evaluación de desempeño - 10. Remuneración (administración de sueldos y salarios) - 11. Planes de prestaciones sociales - 12. Calidad de vida en el trabajo - 13. Relaciones con las personas - 14. Capacitación y desarrollo del personal - 15. Desarollo organizacional - 16. Sistema de información de recursos humanos - 17. Ética y responsabilidad social  aspa1 aChiavenato, Idalberto1 aMascaró Sacristán, Pilar1 aHano Roa, María del Carmen Enriqueta41uhttps://biblioeco.unsa.edu.ar/pmb/images/libros/Administracion de Recursos Humanos 8ed.jpgyImagen de portadaqimage/jpeg